<?xml version="1.0" encoding="UTF-8"?>
<marc:record xmlns:marc="http://www.loc.gov/MARC21/slim">
   <marc:leader>00000nam a2200000 a 4500</marc:leader>
   <marc:datafield ind1="1" ind2=" " tag="100">
      <marc:subfield code="a">Meier, Simone</marc:subfield>
      <marc:subfield code="4">aut</marc:subfield>
      <marc:subfield code="e">Verfasser/-in</marc:subfield>
   </marc:datafield>
   <marc:datafield ind1="0" ind2="0" tag="245">
      <marc:subfield code="a">Die Entflammten</marc:subfield>
   </marc:datafield>
   <marc:datafield ind1="0" ind2="0" tag="245">
      <marc:subfield code="b">Roman</marc:subfield>
   </marc:datafield>
   <marc:datafield ind1="0" ind2="0" tag="245">
      <marc:subfield code="c">Simone Meier</marc:subfield>
   </marc:datafield>
   <marc:datafield ind1=" " ind2="1" tag="264">
      <marc:subfield code="a">Zürich</marc:subfield>
      <marc:subfield code="b">Kein &amp; Aber</marc:subfield>
      <marc:subfield code="c">2024</marc:subfield>
   </marc:datafield>
   <marc:datafield ind1="1" ind2=" " tag="520">
      <marc:subfield code="a">Quelle: bn.bibliotheksnachrichten (http://www.biblio.at/literatur/bn/index.html); #Autor: Barbara Tumfart; #Ein historischer Stoff als Basis für einen interessanten und aufschlussreichen Roman rund um einen Giganten der Kunst. (DR)#»Die Entflammten« ist bereits der vierte Roman der Schweizer Autorin und Kulturjournalistin Simone Meier und eine kluge, unterhaltsame und lesenswerte Mischung aus Fiktion und Historie, abgehandelt in zwei abwechselnd ablaufenden Erzählsträngen. Gina, eine Journalistin und Kunststudentin, stößt auf die Geschichte von Johanna van Gogh-Bonger (18621925), der Schwägerin des weltberühmten Malers Vincent van Gogh. Sie beschließt, ein Buch über diese faszinierende Persönlichkeit zu schreiben, zieht sich dafür in das Haus ihres Vaters zurück und taucht in die Welt von 1900 ein. Jo van Gogh-Bonger war zu diesem Zeitpunkt bereits Witwe, ihr Mann Theo an Syphilis verstorben, der Schwager bereits 1890 durch Selbstmord aus dem Leben geschieden. Sie blieb zurück mit einem Baby und einer Unzahl an Gemälden und Kunstwerken des Schwagers. Doch sie ist es letztendlich, die durch geschicktes Kunstmarketing, zielstrebige Hartnäckigkeit und großes Durchsetzungsvermögen Vincent van Gogh posthum weltberühmt macht und ihn unwiderruflich in den Kanon der Kunstgeschichte katapultiert.#Meier vermischt in ihrem neuesten Buch geschickt zwei Handlungsstränge und switcht zwischen der aktuellen Situation der jungen Gina und dem Leben einer Frau an der Schwelle des 19. zum 20. Jahrhunderts hin und her. Ein lesenswerter Roman über die Frau hinter dem weltberühmten Maler.</marc:subfield>
   </marc:datafield>
   <marc:datafield ind1=" " ind2=" " tag="020">
      <marc:subfield code="a">9783036950297</marc:subfield>
      <marc:subfield code="9">9783036950297</marc:subfield>
   </marc:datafield>
   <marc:datafield ind1=" " ind2=" " tag="041">
      <marc:subfield code="a">ger</marc:subfield>
   </marc:datafield>
   <marc:datafield ind1=" " ind2=" " tag="300">
      <marc:subfield code="a">264 Seiten</marc:subfield>
   </marc:datafield>
</marc:record>
